Shakespeare and Donne/ (Record no. 11660)

MARC details
000 -LEADER
fixed length control field 00493nam a22001937a 4500
005 - DATE AND TIME OF LATEST TRANSACTION
control field 20230926160231.0
008 - FIXED-LENGTH DATA ELEMENTS--GENERAL INFORMATION
fixed length control field 230926b ||||| |||| 00| 0 eng d
020 ## - INTERNATIONAL STANDARD BOOK NUMBER
International Standard Book Number 9788196231545
040 ## - CATALOGING SOURCE
Original cataloging agency IN-DiNC
Transcribing agency IN-DiNC
041 ## - LANGUAGE CODE
Language code of sung or spoken text English
082 ## - DEWEY DECIMAL CLASSIFICATION NUMBER
Classification number 821
Item number MIS
100 ## - MAIN ENTRY--PERSONAL NAME
Personal name Mishra, J P
Relator term Author
245 ## - TITLE STATEMENT
Title Shakespeare and Donne/
Statement of responsibility, etc. by J P Mishra
260 ## - PUBLICATION, DISTRIBUTION, ETC.
Place of publication, distribution, etc. Delhi:
Name of publisher, distributor, etc. Optimus publications,
Date of publication, distribution, etc. 2023.
300 ## - PHYSICAL DESCRIPTION
Extent xi, 132p.
650 ## - SUBJECT ADDED ENTRY--TOPICAL TERM
Topical term or geographic name entry element Sonnets
650 ## - SUBJECT ADDED ENTRY--TOPICAL TERM
Topical term or geographic name entry element English poetry
942 ## - ADDED ENTRY ELEMENTS (KOHA)
Source of classification or shelving scheme Dewey Decimal Classification
Koha item type Books
Holdings
Withdrawn status Lost status Source of classification or shelving scheme Damaged status Not for loan Collection code Home library Current library Shelving location Date acquired Cost, normal purchase price Total Checkouts Full call number Barcode Date last seen Copy number Price effective from Koha item type
    Dewey Decimal Classification     English Central Library, Naharkatiya College Central Library, Naharkatiya College General Stacks 26/09/2023 175.00   821 MIS 29451 26/09/2023 1 26/09/2023 Books
    Dewey Decimal Classification     English Central Library, Naharkatiya College Central Library, Naharkatiya College General Stacks 26/09/2023 175.00   821 MIS 29452 26/09/2023 2 26/09/2023 Books

Naharkatiya College © 2020. All rights reserved.

Powered By